History Quiz

Random History or Clickable Quiz

50 Years of Headlines Quiz Stats

Quiz Updated Jan 23, 2013

Challenge
Share
Tweet
Embed
Score 0/50 Timer 08:00
5 Plays Today
% Correct
2008
73.9%
1969
70.4%
1963
70.1%
2000
64.4%
2001
57.6%
1968
56.6%
2011
56.4%
1980
56.2%
1989
55.2%
1997
54.9%
2009
50.3%
1977
49.3%
1964
47%
2010
44%
1999
40.4%
1962
39.8%
1981
39.2%
1967
37.4%
1991
37.4%
1979
34.6%
2003
32.2%
1986
31.9%
1995
31.4%
2004
31%
1990
30.4%
% Correct
1984
30%
2006
29.5%
1975
29.4%
1965
29.2%
2005
29%
1992
27.6%
1966
25.5%
1994
22.6%
2007
22.2%
1978
22.1%
1973
21.9%
1988
21.3%
1998
20.7%
1970
19.3%
1993
19.1%
1976
18.2%
1983
16.5%
1996
16.3%
1982
15.9%
2002
15.2%
1972
12.3%
1971
12.2%
1974
10.9%
1987
9.1%
1985
7.9%

You're not logged in!

Compare scores with friends on all Sporcle quizzes.
Sign Up with Email
OR
Log In

You Might Also Like...

Show Comments

Extras

Top Quizzes Today


Score Distribution

Your Account Isn't Verified!

In order to create a playlist on Sporcle, you need to verify the email address you used during registration. Go to your Sporcle Settings to finish the process.